Ryde International plc v London Regional Transport (Record no. 73518)
[ view plain ]
| 000 -LEADER | |
|---|---|
| fixed length control field | 01972cam a2200301 4500 |
| 001 - CONTROL NUMBER | |
| control field | ABS67059 |
| 008 - FIXED-LENGTH DATA ELEMENTS--GENERAL INFORMATION | |
| fixed length control field | 031001n2003 000 0 eng u |
| 035 ## - SYSTEM CONTROL NUMBER | |
| System control number | (Sirsi) u123799 |
| 245 ## - TITLE STATEMENT | |
| Title | Ryde International plc v London Regional Transport |
| Medium | [electronic resource] |
| 260 ## - PUBLICATION, DISTRIBUTION, ETC. | |
| Date of publication, distribution, etc. | 2003 |
| 490 ## - SERIES STATEMENT | |
| Series statement | Rating and Valuation Reporter |
| Volume/sequential designation | [2003] RVR 273-276(4) |
| 520 ## - SUMMARY, ETC. | |
| Summary, etc. | ACQ/147/2000, 28 May 2003. In an interim ruling on 4 December 2002 (Abs66420) the LT deferred for further consideration as an item for disturbance, a claim under the Land Compensation Act 1961 s5-rule 6 for loss of profits which the claimants (R) contended they would have made for the acquisition by obtaining vacant possession, refurbishing and selling flats and bungalows on the land individually. After considering written submissions the LT rejected the claim because compensation for land acquired from a developer could not include prospective loss of profits from the development of the land. Acquiring authority was ordered to pay R's costs with the exception of those associated with the preliminary hearing (Abs63843). |
| 590 ## - LOCAL NOTE (RLIN) | |
| Local note | ABS |
| 650 ## - SUBJECT ADDED ENTRY--TOPICAL TERM | |
| Topical term or geographic name entry element | RYDE INTERNATIONAL PLC V LONDON REGIONAL TRANSPORT |
| 650 ## - SUBJECT ADDED ENTRY--TOPICAL TERM | |
| Topical term or geographic name entry element | SHELTERED HOUSING |
| 650 ## - SUBJECT ADDED ENTRY--TOPICAL TERM | |
| Topical term or geographic name entry element | REFURBISHMENT COSTS |
| 650 ## - SUBJECT ADDED ENTRY--TOPICAL TERM | |
| Topical term or geographic name entry element | REPAIR COSTS |
| 650 ## - SUBJECT ADDED ENTRY--TOPICAL TERM | |
| Topical term or geographic name entry element | MANAGEMENT COSTS |
| 650 ## - SUBJECT ADDED ENTRY--TOPICAL TERM | |
| Topical term or geographic name entry element | OPEN MARKET VALUE |
| 650 ## - SUBJECT ADDED ENTRY--TOPICAL TERM | |
| Topical term or geographic name entry element | BLIGHT |
| 650 ## - SUBJECT ADDED ENTRY--TOPICAL TERM | |
| Topical term or geographic name entry element | LOSS OF PROFITS |
| 650 ## - SUBJECT ADDED ENTRY--TOPICAL TERM | |
| Topical term or geographic name entry element | COSTS |
| 650 ## - SUBJECT ADDED ENTRY--TOPICAL TERM | |
| Topical term or geographic name entry element | LAND COMPENSATION ACT 1961 S5-RULE-2 |
| 650 ## - SUBJECT ADDED ENTRY--TOPICAL TERM | |
| Topical term or geographic name entry element | LAND COMPENSATION ACT 1961 S5-RULE-6 |
| 690 ## - LOCAL SUBJECT ADDED ENTRY--TOPICAL TERM (OCLC, RLIN) | |
| Topical term or geographic name as entry element | ENVIRONMENTAL AND LAND CONSULTANCY-PLANNING AND DEVELOPMENT-COMPULSORY PURCHASE AND COMPENSATION |
| 856 ## - ELECTRONIC LOCATION AND ACCESS | |
| Uniform Resource Identifier | <a href="https://www.bailii.org/cgi-bin/markup.cgi?doc=/ew/cases/EWLands/2003/ACQ_147_2000.html&query=title+(+Ryde+)+and+title+(+International+)+and+title+(+plc+)+and+title+(+v+)+and+title+(+London+)+and+title+(+Regional+)+and+title+(+Transport+)&method=boolean">https://www.bailii.org/cgi-bin/markup.cgi?doc=/ew/cases/EWLands/2003/ACQ_147_2000.html&query=title+(+Ryde+)+and+title+(+International+)+and+title+(+plc+)+and+title+(+v+)+and+title+(+London+)+and+title+(+Regional+)+and+title+(+Transport+)&method=boolean</a> |
| Public note | View this item free of charge at www.bailii.org |
| 942 ## - ADDED ENTRY ELEMENTS (KOHA) | |
| Suppress in OPAC | 0 |
| Withdrawn status | Lost status | Source of classification or shelving scheme | Damaged status | Not for loan | Home library | Current library | Shelving location | Date acquired | Total Checkouts | Full call number | Barcode | Date last seen | Copy number | Price effective from | Koha item type |
|---|---|---|---|---|---|---|---|---|---|---|---|---|---|---|---|
| Dewey Decimal Classification | London | London | Journal article | 01/10/2003 | ABS67059 | 123799-1001 | 06/08/2019 | 1 | 06/08/2019 | Law report |